MDQL
is popping MORE tags! Check the
thread
!
Quizzes
Events
Quiz Creation
Community
Videos
Private Events
Remove Ads
Sign In
Join for FREE
Feedback
Dark Mode
Quiz Categories
Sports
Geography
Music
Movies
Television
Just For Fun
Miscellaneous
History
Literature
Language
Science
Gaming
Entertainment
Religion
Holiday
For Kids
Quiz Lab
Recent
Popular Today
Quiz Kudos Today
Editor Picks
Curator Picks
Quizzes by...
Day
Popularity
Type
Ratings
Length
Year
Community
Subscriptions
Recent Discussions
Orange Saloon
Badges
Playlists
Quests
Create
Leaderboards
Showdown
Live 5
Trivia Bingo
Activity
Puzzle Library
Sporcle Events
Private Events
Virtual Trivia
Globe League
Become a Host
Pub Owners
SporcleCon
Opinionation
Our Games
Videos
Blog
Mobile Apps
Partnerships
Remove Ads and Go Orange
Feedback
Geography
Country
Landmarks
City
State
Population
World
Capital
Continent
Flags
Europe
Africa
Asia
South America
North America
Oceania
Border
Canada
United Kingdom
Topography
United States
Geography
Country
Landmarks
City
State
Population
World
Capital
Continent
Flags
Europe
Africa
Asia
South America
North America
Oceania
Border
Canada
United Kingdom
Topography
United States
Random Quiz
Search Sporcle
×
Quiz Lab
Quiz Lab
Geography
Country
Type in answers that appear in a list
Type in answers that appear in a list
Classic
Best Score? Go Orange.
Northerly and Southerly Cities Stats
Can you name the cities above 70° North or below 50° South with a permanent population of 1,000 or more?
By
quin_john
10m
29 Questions
32 Plays
32 Plays
32 Plays
Comments
Comments
Give Quiz Kudos
Give Quiz Kudos
-
- Ratings
hide this ad
Replay
Link that replays current quiz
Next Quiz
Link to next quiz in quiz playlist
You Got
0%
They Got
Avg Score
14%
Avg Friend Score
Upgrade to see
Score Distribution
Jump to the score distribution portion of the page
Score
0/29
Timer
10:00
0
Plays Today
Country
City
% Correct
Norway
Longyearbyen
68.8%
Argentina
Ushuaia
65.6%
USA
Barrow
34.4%
Norway
Hammerfest
34.4%
Chile
Punta Arenas
34.4%
UK
Stanley
34.4%
Denmark
Upernavik
12.5%
USA
Deadhorse
12.5%
Russia
Tiksi
9.4%
Norway
Honningsvåg
9.4%
Norway
Vardø
9.4%
Chile
Puerto Williams
9.4%
Argentina
Rio Gallegos
9.4%
Norway
Vadsø
6.3%
Argentina
Rio Grande
6.3%
Country
City
% Correct
Chile
Porvenir
6.3%
Argentina
El Calafate
6.3%
Russia
Khatanga
3.1%
Russia
Belushya Guba
3.1%
Denmark
Uummannaq
3.1%
Norway
Båtsfjord
3.1%
Russia
Chokurdakh
3.1%
Norway
Lakselv
3.1%
Norway
Skjervøy
3.1%
Argentina
Tolhuin
3.1%
Chile
Puerto Natales
3.1%
Argentina
Veintiocho de Noviembre
3.1%
Argentina
Rio Turbio
3.1%
Argentina
Puerto Santa Cruz
3.1%
Quiz Playlist
Details
Report
Send in Message
Add To Playlist
Classic:
Type in answers that appear in a list
Last Updated: Feb 16, 2017
Quiz Scoreboard
CHALLENGE
Sign Up to Join the Scoreboard
Show All
Scores
Hide
Comments
May contain spoilers
Recently Published
Find the 'City' Movie
by crazypaving
Movies
60s
5x2 Blitz: Bands
by SL_Kpop136
Music
30s
Colored Red Africa Blitz
by spor1
Geography
30s
More to Explore
Quiz From the Vault
Featured Blog Post
14 Easter Pick-up Lines to Find Eggs With
hide this ad
You Might Also Like...
Tags
City Quiz
Country Quiz
Population Quiz
1000
north
Permanent
south
Today's Top Quizzes in Geography
Browse Geography
hide this ad
Today's Top Quizzes in Country
Browse Country
Top Contributed Quizzes in Geography
1
Countries of the World - No Outlines Minefield
2
Colored Red Africa Blitz II
3
Colored Red Europe Blitz I
4
Colored Red Europe Blitz II
5
Colored Red Africa Blitz III
6
Colored Red Europe Blitz III
7
Colored Red States Blitz II
8
Country Trivia Logic Puzzle II
9
Colored Red States Blitz I
10
List All 50 US States
Explore More
Trending Topics
Marvel
Anime
Harry Potter
Crossword
Disney
NBA
Kpop
WWE
Song
The Office
Soccer
Puzzle
NFL
Country
Pokémon
hide this ad
More By:
quin_john
Quiz
Plays
Rating
Category
Featured
Created
African Countries Logic Puzzle
3,189
3.25
Geography
Oct 7, 2014
Smallest to Largest Population and Area
832
4.45
Geography
Sep 28, 2014
Most Populous Cities by Continent
369
1.11
Geography
Aug 13, 2014
Is it a country?
356
2.71
Geography
Aug 9, 2014
Mini Geography Quizzes
318
3.40
Geography
Oct 12, 2014
Go to Creator's Profile
Score Distribution
Quiz Creator Spotlight
quin_john
Follow
Send a Message
Quizzes Created
-
Created Quiz Play Count
-
More By This Creator
Popular Quizzes Today
1
Find the 'City' Movie
2
5x2 Blitz: Bands
3
Colored Red Africa Blitz
4
Find the US States - No Outlines Minefield
5
The Countries of the World
6
Find the US States
7
9x9 Crossword: Cartoon Network
8
US States
More Geography Quizzes
10 Closest Capitals to the Suez Canal
Published
Trending Quizzes
Colored Red Africa Blitz II
Colored Red Europe Blitz I
Colored Red Africa Blitz III
Colored Red Europe Blitz II
Colored Red Europe Blitz III
Recently Updated
Champions League XIs: Real Madrid
pecheneg
Largest US Cities 1790-2010
pecheneg
Rides in Walt Disney World
pecheneg
Most Oscar Losses (Acting)
pecheneg
Beyoncé Albums
pecheneg
Leaping Animals
pecheneg
Reality TV Shows (A-Z)
bhenderson79
Rickey Henderson's Hall of Fame Teammates
pecheneg
Champions League XIs: Arsenal
pecheneg
Quick Pick: Celebrities in WWE's Hall of Fame
aduchscher
Trending Topics
Harry Potter
Marvel
Crossword
Anime
Kpop
NBA
Disney
WWE
Puzzle
Soccer
Song
NFL
Country
The Office
Pokémon
Your Account Isn't Verified!
In order to create a playlist on Sporcle, you need to verify the email address you used during registration. Go to your
Sporcle Settings
to finish the process.
Report this User
Report this user for behavior that violates our
Community Guidelines
.
Details:
Send Report
Go to the Sporcle.com Mobile Site →
Comments